00625nam a2200205 a 450000100060000000300090000600800410001502000150005604000280007108200170009910000260011624500930014226000460023530000110028149000420029265000200033465000280035465000180038265000190040019811CO-ViMGA141112s2004 ck r 000 u spa d a9968380865 aCO-ViMGAbspacCO-ViMGA04a341.77 J453d1 aJimenez de Asua, Luis10aDelitos internacionales, política criminal internacional y otros temas penales. Vol. 3 aMexico : bJuridica Universitaria, c2001 a154 p. aestudios clásicos del derecho penal14aDELITO POLITICO14aDELITOS INTERNACIONALES14aDERECHO PENAL14aJUSTICIA PENAL